00440nam a2200145Ia 4500008004100000041000800041082001200049100001800061245002100079260003200100300002400132365000700156999001700163952011400180240624s9999 xx 000 0 und d aeng a828 PIN aPINTER HAROLD aCOMPLETE WORK II c1990aNew YorkbGrove Press a248 : p. : cm. ; 28 cRS c27973d27973 00104070aIMTNbIMTNcRack 43-Ad2016-09-27g788.00o828 PINp27973r2024-06-24 00:00:00t1w2024-06-24yBK